000 00430nam a2200181Ia 4500
001 11524
005 20260306162834.0
008 260306t2014||||xx |||||||||||||| ||spa||
041 _aESP
082 _a985.071
_bN86
100 _aNovak, Fabián
_eAUT
245 0 _aEl Perú y la primera guerra mundial
260 _c2014
300 _a221 páginas :
_c20 cm.
650 _aGEN
654 _aCHU
942 _cLIB
_dJUS
_fJUS
_2ddc
_n
999 _c11524
_d11524